00587nmm a2200169Ia 4500008004100000020001800041041000800059100002600067245011100093264005600204300001800260490003200278650003200310856005100342942000700393999001700400251105s9999||||xx |||||||||||||||||und|| a9789560001634 aspa aLoveman, Brian (ed.) 0aAdictos al fracaso :b Políticas de Seguridad de Estados Unidos en América Latina y la Región Andina a[Santiago de Chile, Chile] :bLOM Ediciones, c2010 a500 páginas aCiencias Sociales y Humanas aPolitical Science (General) uhttps://public.digitaliapublishing.com/a/13169 cCF c93432d93432